[Event "14th IBCA World Chess Championship for Blind 2019"]
[Site "Cagliari"]
[Date "2019.04.09"]
[Round "4"]
[Board "14"]
[White "Schulz, Gert"]
[Black "Streltsov, Alexey"]
[Result "0-1"]
[WhiteElo "1995"]
[BlackElo "2131"]
[PlyCount "84"]
[EventDate "2019.04.06"]
[EventRounds "9"]
[EventCountry "ITA"]

1. d4 Nf6 2. c4 g6 3. Nc3 d5 4. Nf3 Bg7 5. Bg5 Ne4 6. cxd5 Nxg5 7. Nxg5 e6 8.
Qd2 exd5 9. Qe3+ Kf8 10. Qf4 Bf6 11. h4 c6 12. O-O-O h6 13. Nf3 Kg7 14. e4 dxe4
15. Nxe4 Be6 16. Nxf6 Qxf6 17. Qxf6+ Kxf6 18. b3 Nd7 19. Nd2 Bd5 20. Rh3 Rhd8
21. Nc4 Nf8 22. Rhd3 Ne6 23. f3 g5 24. hxg5+ hxg5 25. Ne3 a5 26. R3d2 Nf4 27.
Bc4 a4 28. bxa4 Bxc4 29. Nxc4 Rxa4 30. Ne3 Raxd4 31. Rxd4 Rxd4 32. Rxd4 Ne2+
33. Kd2 Nxd4 34. Kd3 Nf5 35. Nc4 b5 36. Na5 c5 37. Nb7 c4+ 38. Kc3 Ke5 39. Nd8
Nd6 40. g3 Kd5 41. a3 Kc5 42. Kc2 Kb6  0-1

[Event "14th IBCA World Chess Championship for Blind 2019"]
[Site "Cagliari"]
[Date "2019.04.09"]
[Round "4"]
[Board "15"]
[White "Wolanski, Michal"]
[Black "Clemente Llamero, Roberto"]
[Result "1-0"]
[WhiteElo "1935"]
[BlackElo "2117"]
[PlyCount "78"]
[EventDate "2019.04.06"]
[EventRounds "9"]
[EventCountry "ITA"]

1. c4 e5 2. g3 d6 3. Bg2 f5 4. d4 Be7 5. e3 Nf6 6. Nc3 c6 7. Nge2 O-O 8. O-O
Na6 9. b3 Qe8 10. Ba3 Nc7 11. Qc2 Nh5 12. c5 dxc5 13. dxe5 g5 14. f4 h6 15.
Rfd1 Be6 16. Kf2 Ng7 17. Na4 b6 18. Nec3 Bf7 19. Rab1 Bh5 20. Ne2 Nge6 21. Qc1
gxf4 22. exf4 Nd5 23. Nac3 Nb4 24. Bxb4 cxb4 25. Na4 Nc5 26. Nxc5 Bxc5+ 27. Kf1
Rd8 28. Rxd8 Qxd8 29. Bxc6 Kh8 30. Qd1 Bg4 31. Qd7 Qxd7 32. Bxd7 Kg7 33. Rd1
Kf7 34. Rd3 Ke7 35. e6 h5 36. Nd4 Bxd4 37. Rxd4 a5 38. Rc4 h4 39. Rc7 hxg3 {
Black Time Zero}  1-0

[Event "14th IBCA World Chess Championship for Blind 2019"]
[Site "Cagliari"]
[Date "2019.04.09"]
[Round "4"]
[Board "16"]
[White "Deniz, Ugur"]
[Black "Chojnowski, Marcin"]
[Result "1-0"]
[WhiteElo "1871"]
[BlackElo "2083"]
[PlyCount "109"]
[EventDate "2019.04.06"]
[EventRounds "9"]
[EventCountry "ITA"]

1. e4 c5 2. Nf3 Nc6 3. Bb5 g6 4. O-O Bg7 5. c3 e5 6. h3 Nge7 7. d3 O-O 8. a4 d5
9. Bg5 Be6 10. Na3 h6 11. Be3 d4 12. cxd4 cxd4 13. Bd2 f5 14. Bc4 Bxc4 15. Nxc4
fxe4 16. dxe4 a5 17. Qb3 Kh7 18. Ne1 Qc7 19. Rc1 g5 20. Nd3 Ng6 21. Qb5 Nf4 22.
Bxf4 gxf4 23. Ncxe5 Bxe5 24. Nxe5 Qxe5 25. Rxc6 Qxb5 26. Rc7+ Rf7 27. Rxf7+ Kg6
28. axb5 Kxf7 29. Rc1 Ke6 30. Rc7 Ke5 31. Re7+ Kd6 32. Rxb7 Rc8 33. Rb6+ Ke5
34. Rc6 Rd8 35. Kf1 Kxe4 36. Ke2 Kd5 37. Rxh6 Kc4 38. b6 Rd5 39. Rc6+ Kb3 40.
b7 Rb5 41. Rc5 Rxb7 42. Rxa5 f3+ 43. Kxf3 Kc2 44. Rc5+ Kd2 45. Rd5 d3 46. g4
Rf7+ 47. Kg3 Ke2 48. f4 d2 49. f5 Rb7 50. f6 Rb3+ 51. Kg2 Rd3 52. Rxd3 Kxd3 53.
f7 d1=Q 54. f8=Q Qa4 55. Qa3+  1-0

[Event "14th IBCA World Chess Championship for Blind 2019"]
[Site "Cagliari"]
[Date "2019.04.09"]
[Round "4"]
[Board "17"]
[White "Aryan, B Joshi"]
[Black "Suder, Ryszard"]
[Result "1-0"]
[WhiteElo "1864"]
[BlackElo "2052"]
[PlyCount "43"]
[EventDate "2019.04.06"]
[EventRounds "9"]
[EventCountry "ITA"]

1. e4 d6 2. d4 Nf6 3. Nc3 g6 4. Nf3 Bg7 5. Be3 O-O 6. Qd2 Ng4 7. Bg5 h6 8. Bh4
g5 9. Bg3 e5 10. dxe5 Nxe5 11. Nxe5 Bxe5 12. Bxe5 dxe5 13. Qxd8 Rxd8 14. Nd5
Na6 15. O-O-O Be6 16. Bxa6 Bxd5 17. Rxd5 Rxd5 18. Bxb7 Rdd8 19. Bxa8 Rxa8 20.
Rd1 Kf8 21. Rd5 f6 22. Rd7  1-0

[Event "14th IBCA World Chess Championship for Blind 2019"]
[Site "Cagliari"]
[Date "2019.04.09"]
[Round "4"]
[Board "18"]
[White "Schellmann, Frank"]
[Black "Saltik, Suleyman"]
[Result "1/2-1/2"]
[WhiteElo "2033"]
[BlackElo "1652"]
[PlyCount "73"]
[EventDate "2019.04.06"]
[EventRounds "9"]
[EventCountry "ITA"]

1. e4 c6 2. d4 d5 3. e5 Bf5 4. Nf3 e6 5. Be2 c5 6. Be3 cxd4 7. Nxd4 Ne7 8. O-O
Nbc6 9. Bb5 a6 10. Bxc6+ bxc6 11. c4 Qc7 12. cxd5 exd5 13. Nc3 Qd7 14. Na4 Rb8
15. Rc1 g6 16. Nc5 Qc8 17. e6 Bxe6 18. Bf4 Ra8 19. Re1 Bf5 20. Qa4 f6 21. Nxc6
Kf7 22. Nd4 g5 23. Bg3 h5 24. Ne4 Qd7 25. Nd6+ Kg6 26. Qxd7 Bxd7 27. h3 Nf5 28.
N4xf5 Bxf5 29. Red1 Bxd6 30. Bxd6 Be6 31. Rc6 Rhc8 32. Rdc1 Rxc6 33. Rxc6 Kf5
34. f3 h4 35. Kf2 Rc8 36. Rxc8 Bxc8 37. Ke3  1/2-1/2

[Event "14th IBCA World Chess Championship for Blind 2019"]
[Site "Cagliari"]
[Date "2019.04.09"]
[Round "4"]
[Board "19"]
[White "Riegler, Dieter"]
[Black "Ross, Chris N"]
[Result "0-1"]
[WhiteElo "1956"]
[BlackElo "2224"]
[PlyCount "88"]
[EventDate "2019.04.06"]
[EventRounds "9"]
[EventCountry "ITA"]

1. d4 Nf6 2. c4 g6 3. Nc3 Bg7 4. e4 d6 5. h3 O-O 6. Nf3 Na6 7. Bg5 Qe8 8. Be2
e5 9. d5 Nc5 10. Nd2 a5 11. g4 c6 12. Be3 Qe7 13. g5 Ne8 14. h4 Nc7 15. Nb3
cxd5 16. cxd5 b6 17. Nxc5 bxc5 18. h5 Ba6 19. hxg6 fxg6 20. Bg4 Rab8 21. Qd2
Rf4 22. f3 Qxg5 23. O-O-O h5 24. Be6+ Kh7 25. Rdg1 Qf6 26. Bf5 Rxf5 27. exf5
Qxf5 28. Ne4 Qf8 29. Qg2 Qf5 30. Nxd6 Qd3 31. Qd2 Nxd5 32. Qxd3 Bxd3 33. Bd2
Nf4 34. Bxf4 exf4 35. Rh2 Bd4 36. Rd1 Be3+ 37. Rdd2 c4 38. Ne4 Bxe4 39. fxe4
Rd8 40. Kc2 Rxd2+ 41. Rxd2 Bxd2 42. Kxd2 g5 43. e5 Kg7 44. e6 Kf6  0-1

[Event "14th IBCA World Chess Championship for Blind 2019"]
[Site "Cagliari"]
[Date "2019.04.09"]
[Round "4"]
[Board "20"]
[White "Komissarov, Alexey"]
[Black "Ursic, Aleksander"]
[Result "1-0"]
[WhiteElo "2207"]
[BlackElo "1912"]
[PlyCount "43"]
[EventDate "2019.04.06"]
[EventRounds "9"]
[EventCountry "ITA"]

1. d4 Nf6 2. Bf4 d5 3. e3 c5 4. c3 e6 5. Nd2 Nc6 6. Ngf3 Bd6 7. Bg3 O-O 8. Bd3
Re8 9. Ne5 Ne7 10. f4 b6 11. O-O Bb7 12. Qb1 g6 13. Bb5 Rf8 14. Bh4 Bxe5 15.
fxe5 Nh5 16. g4 Ng7 17. Bf6 Qc7 18. Qe1 h6 19. Qh4 Nef5 20. gxf5 Kh7 21. Nf3
Nxf5 22. Ng5+  1-0

[Event "14th IBCA World Chess Championship for Blind 2019"]
[Site "Cagliari"]
[Date "2019.04.09"]
[Round "4"]
[Board "21"]
[White "Deville, Olivier"]
[Black "Draganov, Ruslan"]
[Result "0-1"]
[WhiteElo "1858"]
[BlackElo "2162"]
[PlyCount "76"]
[EventDate "2019.04.06"]
[EventRounds "9"]
[EventCountry "ITA"]

1. d4 Nf6 2. c4 c5 3. d5 e5 4. Nc3 d6 5. e4 Na6 6. Bd3 Nc7 7. f4 Bg4 8. Nf3 Nd7
9. h3 Bxf3 10. Qxf3 Be7 11. O-O Bf6 12. Ne2 exf4 13. Nxf4 Ne5 14. Qe2 g6 15.
Rb1 O-O 16. b3 a6 17. Bb2 Bg7 18. Bc2 b5 19. Nd3 Qe7 20. Nxe5 Bxe5 21. Qg4 Ne8
22. cxb5 axb5 23. Bxe5 Qxe5 24. a4 Nf6 25. Qf3 Nd7 26. Qd3 c4 27. bxc4 Nc5 28.
Qd1 bxa4 29. Ra1 Qc3 30. Bxa4 Qxc4 31. Bc6 Rxa1 32. Qxa1 Nxe4 33. Qa7 Ng3 34.
Rb1 Qe4 35. Rb8 Qe1+ 36. Kh2 Nf1+ 37. Kg1 Ne3+ 38. Kh2 Qf2  0-1

[Event "14th IBCA World Chess Championship for Blind 2019"]
[Site "Cagliari"]
[Date "2019.04.09"]
[Round "4"]
[Board "22"]
[White "Morariu, Ionel"]
[Black "Janjic, Stefan"]
[Result "0-1"]
[WhiteElo "1862"]
[BlackElo "2090"]
[PlyCount "66"]
[EventDate "2019.04.06"]
[EventRounds "9"]
[EventCountry "ITA"]

1. e4 e6 2. d3 c5 3. g3 Nc6 4. Bg2 Nge7 5. f4 d5 6. e5 Nf5 7. Nf3 g6 8. O-O Bg7
9. c3 O-O 10. Na3 Bd7 11. Nc2 f6 12. d4 cxd4 13. cxd4 Qb6 14. Kh1 Rac8 15. g4
Nfe7 16. b3 Nb4 17. Nxb4 Qxb4 18. Bd2 Qb6 19. a4 Nc6 20. a5 Qa6 21. Re1 Nb8 22.
Bf1 Bb5 23. Bxb5 Qxb5 24. exf6 Bxf6 25. Rxe6 Nc6 26. Ra4 Bg7 27. Kg2 a6 28. h4
Bh6 29. g5 Bg7 30. Ne5 Bxe5 31. dxe5 Qd3 32. Ra1 Nd4 33. Rf6 Rc2  0-1

[Event "14th IBCA World Chess Championship for Blind 2019"]
[Site "Cagliari"]
[Date "2019.04.09"]
[Round "4"]
[Board "23"]
[White "Rositsan, Boris"]
[Black "Barnowski, Sylwester"]
[Result "1-0"]
[WhiteElo "2069"]
[BlackElo "1771"]
[PlyCount "83"]
[EventDate "2019.04.06"]
[EventRounds "9"]
[EventCountry "ITA"]

1. e4 Nf6 2. e5 Nd5 3. c4 Nb6 4. d4 d6 5. Nf3 Nc6 6. exd6 cxd6 7. d5 Nb4 8. a3
Na6 9. Nd4 g6 10. b4 Bg7 11. Bb2 O-O 12. Be2 e5 13. dxe6 fxe6 14. Ra2 Nc7 15.
Qb3 Kh8 16. Nf3 e5 17. O-O Be6 18. Nbd2 Qe7 19. Qe3 Rf4 20. g3 Nxc4 21. Nxc4
Bxc4 22. gxf4 Bxa2 23. fxe5 dxe5 24. Bxe5 Bxe5 25. Nxe5 Re8 26. f4 a6 27. Bf3
Nb5 28. Rd1 Be6 29. a4 Nc7 30. Bxb7 Qxb4 31. Bc6 Rb8 32. Nxg6+ hxg6 33. Qe5+
Kg8 34. Qxc7 Qb6+ 35. Qxb6 Rxb6 36. Rd6 Rb1+ 37. Kf2 Rb2+ 38. Ke3 Bf5 39. Bd5+
Kg7 40. Rxa6 Rxh2 41. Ra7+ Kf6 42. Rf7#  1-0

[Event "14th IBCA World Chess Championship for Blind 2019"]
[Site "Cagliari"]
[Date "2019.04.09"]
[Round "4"]
[Board "24"]
[White "Vela Ignacio, Jose Manuel"]
[Black "Badano, Giancarlo"]
[Result "1/2-1/2"]
[WhiteElo "2038"]
[BlackElo "1857"]
[PlyCount "77"]
[EventDate "2019.04.06"]
[EventRounds "9"]
[EventCountry "ITA"]

1. f4 d5 2. Nf3 Nf6 3. e3 g6 4. d4 Bg7 5. Bd3 O-O 6. O-O b6 7. Qe2 c5 8. c3 Nc6
9. Ne5 Bb7 10. Nd2 e6 11. g4 Nxe5 12. fxe5 Ne4 13. Nxe4 dxe4 14. Bc2 f5 15.
exf6 Rxf6 16. Rxf6 Qxf6 17. Bd2 Rf8 18. dxc5 bxc5 19. Rf1 Qxf1+ 20. Qxf1 Rxf1+
21. Kxf1 g5 22. b3 Be5 23. h3 Kf7 24. Ke1 Ke7 25. Kd1 Kd7 26. Kc1 Kc7 27. b4 c4
28. a4 a6 29. Bd1 Kc6 30. Kc2 Kd5 31. Bc1 Bg3 32. Ba3 Bf2 33. Kd2 Bc6 34. Bc2
Bd7 35. b5 axb5 36. a5 Bg3 37. Kc1 Bc8 38. Kd2 Bb7 39. Ke2 {...}  1/2-1/2

[Event "14th IBCA World Chess Championship for Blind 2019"]
[Site "Cagliari"]
[Date "2019.04.09"]
[Round "4"]
[Board "25"]
[White "Kaliner, Arik"]
[Black "Migala, Andrzej"]
[Result "0-1"]
[WhiteElo "1644"]
[BlackElo "2037"]
[PlyCount "34"]
[EventDate "2019.04.06"]
[EventRounds "9"]
[EventCountry "ITA"]

1. e4 c5 2. Nf3 d6 3. d4 cxd4 4. c3 dxc3 5. Nxc3 Nc6 6. Bc4 e6 7. O-O Be7 8.
Qe2 a6 9. Rd1 b5 10. Bb3 Ra7 11. Be3 Rd7 12. Rac1 Bb7 13. a4 b4 14. Na2 Na5 15.
Bc2 b3 16. Nb4 bxc2 17. Nxa6 cxd1=Q+  0-1

[Event "14th IBCA World Chess Championship for Blind 2019"]
[Site "Cagliari"]
[Date "2019.04.09"]
[Round "4"]
[Board "26"]
[White "Bindzus, Ernst"]
[Black "Patra, Subhendu Kumar"]
[Result "0-1"]
[WhiteElo "1985"]
[BlackElo "1747"]
[PlyCount "70"]
[EventDate "2019.04.06"]
[EventRounds "9"]
[EventCountry "ITA"]

1. e4 e5 2. Nf3 Nc6 3. Bc4 Bc5 4. c3 Nf6 5. d3 d6 6. Bb3 Bb6 7. Nbd2 O-O 8. Nf1
d5 9. Qe2 dxe4 10. dxe4 Ng4 11. Ne3 Nxe3 12. Bxe3 Bxe3 13. Qxe3 Qe7 14. O-O Na5
15. Rfd1 Nxb3 16. axb3 a6 17. Ra5 f6 18. h3 Be6 19. c4 Rfd8 20. Raa1 Rd7 21.
Kf1 Rad8 22. Ke1 Qb4+ 23. Qc3 Qc5 24. Rxd7 Rxd7 25. Ke2 Qc6 26. Nd2 Rd4 27. f3
Qd7 28. g4 h5 29. Nf1 hxg4 30. hxg4 Bxg4 31. fxg4 Rxe4+ 32. Ne3 Qxg4+ 33. Kd2
Rd4+ 34. Kc2 Qe2+ 35. Kb1 Rd3  0-1

[Event "14th IBCA World Chess Championship for Blind 2019"]
[Site "Cagliari"]
[Date "2019.04.09"]
[Round "4"]
[Board "27"]
[White "Fernandez Manrique, Agustin"]
[Black "Armstrong, William G"]
[Result "1-0"]
[WhiteElo "2120"]
[BlackElo "1800"]
[PlyCount "63"]
[EventDate "2019.04.06"]
[EventRounds "9"]
[EventCountry "ITA"]

1. d4 Nf6 2. c4 c5 3. Nf3 cxd4 4. Nxd4 Nc6 5. g3 Nxd4 6. Qxd4 g6 7. Bg2 Bg7 8.
Nc3 O-O 9. O-O d6 10. Qd3 Nd7 11. b3 Ne5 12. Qd2 Rb8 13. Bb2 Bd7 14. Nd5 Bc6
15. f4 Bxd5 16. Bxd5 Qb6+ 17. e3 Ng4 18. Bxg7 Kxg7 19. Rae1 Nf6 20. Bf3 Qc5 21.
g4 Kg8 22. g5 Ne8 23. h4 Ng7 24. Kg2 f5 25. Rd1 Rfd8 26. Rh1 e6 27. h5 Qc7 28.
hxg6 hxg6 29. Rh6 Kf7 30. Qd4 Qe7 31. Rh7 e5 32. Qd5+  1-0

[Event "14th IBCA World Chess Championship for Blind 2019"]
[Site "Cagliari"]
[Date "2019.04.09"]
[Round "4"]
[Board "28"]
[White "Mueller, Thorsten"]
[Black "Johansson, Tage"]
[Result "1-0"]
[WhiteElo "2086"]
[BlackElo "1749"]
[PlyCount "41"]
[EventDate "2019.04.06"]
[EventRounds "9"]
[EventCountry "ITA"]

1. d4 f5 2. Nf3 Nf6 3. Bf4 e6 4. e3 b6 5. Nbd2 Bb7 6. Bd3 Be7 7. h3 O-O 8. c3
Qe8 9. Bxc7 d6 10. Bxb8 Rxb8 11. Qb3 Bd5 12. c4 Bc6 13. Rc1 Ba4 14. Qc3 b5 15.
b3 bxc4 16. Qxc4 Bd7 17. Qa6 Nd5 18. a3 Qg6 19. g4 h6 20. gxf5 Qg2 21. Rh2  1-0

[Event "14th IBCA World Chess Championship for Blind 2019"]
[Site "Cagliari"]
[Date "2019.04.09"]
[Round "4"]
[Board "29"]
[White "Pohlers, Juergen"]
[Black "Krishna, Udupa"]
[Result "1/2-1/2"]
[WhiteElo "1923"]
[BlackElo "1740"]
[PlyCount "49"]
[EventDate "2019.04.06"]
[EventRounds "9"]
[EventCountry "ITA"]

1. d4 Nf6 2. c4 e6 3. Nc3 Bb4 4. Qc2 O-O 5. Nf3 b6 6. e4 d5 7. e5 Ne4 8. Bd3
Bb7 9. O-O f5 10. cxd5 exd5 11. a3 Be7 12. g3 c5 13. Be3 cxd4 14. Nxd4 Qc8 15.
Rac1 Nd7 16. f4 Ndc5 17. Be2 Ne6 18. Ncb5 Bc5 19. b4 Bxd4 20. Nxd4 Nxd4 21.
Bxd4 Qe6 22. Qc7 Rf7 23. Qc2 Rc8 24. Qb2 Rfc7 25. Rxc7 $11  1/2-1/2

[Event "14th IBCA World Chess Championship for Blind 2019"]
[Site "Cagliari"]
[Date "2019.04.09"]
[Round "4"]
[Board "30"]
[White "Hengles, Roberto Carlos"]
[Black "Casadei, Marco"]
[Result "0-1"]
[WhiteElo "1740"]
[BlackElo "1921"]
[PlyCount "80"]
[EventDate "2019.04.06"]
[EventRounds "9"]
[EventCountry "ITA"]

1. e4 c5 2. Nf3 d6 3. d4 cxd4 4. Nxd4 Nf6 5. Nc3 g6 6. Be3 Bg7 7. f3 Nc6 8. Qd2
O-O 9. Nxc6 bxc6 10. O-O-O Be6 11. Bh6 Bxh6 12. Qxh6 Qa5 13. h4 Bxa2 14. h5 Be6
15. hxg6 fxg6 16. g4 Rf7 17. g5 Nd7 18. f4 Nf8 19. f5 gxf5 20. Bh3 Qe5 21. g6
hxg6 22. Bxf5 Bxf5 23. exf5 Rxf5 24. Rdf1 Rxf1+ 25. Rxf1 Qg7 26. Qh1 Rc8 27.
Ne4 Nh7 28. Qh3 Rf8 29. Qe6+ Rf7 30. Rh1 Qe5 31. Qc8+ Kg7 32. Qh3 Kg8 33. Qc8+
Rf8 34. Qxc6 Nf6 35. Nc3 Nh5 36. Qc4+ e6 37. Qc7 Rf7 38. Qc8+ Kg7 39. Kb1 d5
40. Rh2 Qxh2  0-1

[Event "14th IBCA World Chess Championship for Blind 2019"]
[Site "Cagliari"]
[Date "2019.04.09"]
[Round "4"]
[Board "31"]
[White "Znuderl, Matej"]
[Black "Pugliese, Giuseppe Franco"]
[Result "1-0"]
[WhiteElo "1918"]
[BlackElo "1648"]
[PlyCount "53"]
[EventDate "2019.04.06"]
[EventRounds "9"]
[EventCountry "ITA"]

1. c4 b5 2. cxb5 a6 3. bxa6 Bxa6 4. Nf3 Nf6 5. g3 Bb7 6. Bg2 e5 7. O-O d6 8.
Nc3 Be7 9. Qb3 Bc6 10. d3 O-O 11. Bg5 Nbd7 12. Rfc1 Nb6 13. a4 Ra5 14. Qc2 Nbd5
15. Nxd5 Nxd5 16. Qxc6 Bxg5 17. Nxg5 Ne3 18. Qxc7 Qxc7 19. Rxc7 Nxg2 20. Kxg2
h6 21. Ne4 Rb8 22. Nxd6 Rxb2 23. Nc4 Rc2 24. Rc6 Ra7 25. Kf3 f5 26. Nxe5 Rxc6
27. Nxc6  1-0

[Event "14th IBCA World Chess Championship for Blind 2019"]
[Site "Cagliari"]
[Date "2019.04.09"]
[Round "4"]
[Board "32"]
[White "Donmez, Unal"]
[Black "Christensen, Dan"]
[Result "1-0"]
[WhiteElo "1887"]
[BlackElo "1573"]
[PlyCount "35"]
[EventDate "2019.04.06"]
[EventRounds "9"]
[EventCountry "ITA"]

1. e4 e6 2. d4 c5 3. d5 e5 4. Nc3 d6 5. f4 Nd7 6. Nf3 Ngf6 7. Bb5 Qe7 8. fxe5
dxe5 9. Bg5 a6 10. Be2 Qd6 11. a4 Be7 12. O-O Nf8 13. Nd2 Nxd5 14. Nc4 Qb8 15.
Bxe7 Nxe7 16. Nd6+ Kd8 17. Nxf7+ Ke8 18. Qd8#  1-0

[Event "14th IBCA World Chess Championship for Blind 2019"]
[Site "Cagliari"]
[Date "2019.04.09"]
[Round "4"]
[Board "33"]
[White "Tonteri, Ari"]
[Black "Murgia, Stefano"]
[Result "1/2-1/2"]
[WhiteElo "1870"]
[BlackElo "1609"]
[PlyCount "46"]
[EventDate "2019.04.06"]
[EventRounds "9"]
[EventCountry "ITA"]

1. e4 e5 2. Nf3 Nc6 3. Bb5 a6 4. Bxc6 dxc6 5. O-O Bg4 6. h3 Bh5 7. g4 Bg6 8.
Nxe5 Qh4 9. Qf3 f6 10. Nxg6 hxg6 11. Kg2 Bd6 12. d3 Ne7 13. Nc3 g5 14. Rh1 Ng6
15. d4 Qh7 16. Kf1 Nh4 17. Qd3 O-O-O 18. Bd2 Ng6 19. Ne2 Be7 20. Rd1 Ne5 21.
Qb3 Qxe4 22. Ng3 Qxd4 23. Nf5 Qc5  1/2-1/2

[Event "14th IBCA World Chess Championship for Blind 2019"]
[Site "Cagliari"]
[Date "2019.04.09"]
[Round "4"]
[Board "34"]
[White "Holmela, Kari"]
[Black "Tishuki, Daut"]
[Result "1-0"]
[WhiteElo "1840"]
[BlackElo "1547"]
[PlyCount "67"]
[EventDate "2019.04.06"]
[EventRounds "9"]
[EventCountry "ITA"]

1. d4 d5 2. Nf3 e6 3. Bf4 c5 4. e3 a6 5. c3 Nf6 6. Bd3 c4 7. Bc2 Bd6 8. Bg5
Nbd7 9. Nbd2 b5 10. e4 dxe4 11. Nxe4 Be7 12. Bf4 O-O 13. O-O h6 14. Re1 Nd5 15.
Bg3 N7f6 16. Ne5 Bb7 17. Qe2 Nxe4 18. Qxe4 f5 19. Qe2 Qe8 20. h3 Bf6 21. Rac1
Bxe5 22. Bxe5 Qg6 23. f4 h5 24. Kh2 Ne3 25. Rg1 Nd5 26. g4 Qh6 27. gxh5 Rf7 28.
Rg5 Nf6 29. Rcg1 Kh7 30. Bd1 Rh8 31. Rg6 Kg8 32. Rxh6 Rxh6 33. Bxf6 Rhxf6 34.
Qe5  1-0

[Event "14th IBCA World Chess Championship for Blind 2019"]
[Site "Cagliari"]
[Date "2019.04.09"]
[Round "4"]
[Board "35"]
[White "Dal, Ibrahim"]
[Black "Prpic, Milan"]
[Result "1-0"]
[WhiteElo "1606"]
[BlackElo "1829"]
[PlyCount "93"]
[EventDate "2019.04.06"]
[EventRounds "9"]
[EventCountry "ITA"]

1. d4 d5 2. c4 c6 3. Nc3 Nf6 4. Nf3 e6 5. Bg5 Be7 6. e3 h6 7. Bh4 O-O 8. Rc1
Nbd7 9. Bd3 dxc4 10. Bxc4 Nd5 11. Bxe7 Qxe7 12. O-O Qb4 13. Bb3 N7b6 14. Ne4
Qe7 15. Ne5 Nd7 16. Nc4 Rd8 17. a3 N7f6 18. Nxf6+ Nxf6 19. Ne5 Bd7 20. Qf3 Be8
21. Rc3 Rac8 22. Rfc1 Nd5 23. Bxd5 exd5 24. b4 a6 25. Nd3 f6 26. Nc5 Rc7 27.
Qg4 Bf7 28. Qe2 $11 Qd6 29. Nxb7 Rxb7 30. Rxc6 Qb8 31. Rxa6 Rc8 32. Rc5 Be8 33.
Qg4 Rxc5 34. dxc5 Qe5 35. g3 Bd7 36. Qg6 Rb8 37. Ra7 Qf5 38. Qxf5 Bxf5 39. c6
Rb6 40. c7 Rc6 41. b5 Rc1+ 42. Kg2 Be4+ 43. Kh3 Bf5+ 44. g4 Be6 45. b6 Rc4 46.
b7 Rxg4 47. c8=Q+  1-0

[Event "14th IBCA World Chess Championship for Blind 2019"]
[Site "Cagliari"]
[Date "2019.04.09"]
[Round "4"]
[Board "37"]
[White "Ymeri, Rinor"]
[Black "Began, Branko"]
[Result "0-1"]
[WhiteElo "1680"]
[BlackElo "1862"]
[PlyCount "68"]
[EventDate "2019.04.06"]
[EventRounds "9"]
[EventCountry "ITA"]

1. d4 d5 2. Nc3 Nf6 3. e3 g6 4. Be2 Bg7 5. h3 O-O 6. Nf3 Re8 7. a3 Nbd7 8. b4
e5 9. dxe5 Nxe5 10. Nxe5 Rxe5 11. Bb2 Re8 12. Nb5 c6 13. Nc3 Ne4 14. Na4 Bxb2
15. Nxb2 Qf6 16. Nd3 Nc3 17. Qc1 Nxe2 18. Kxe2 Qg5 19. Rg1 d4 20. Qd2 dxe3 21.
fxe3 b6 22. Raf1 Ba6 23. Rf3 Bc4 24. Kd1 Rad8 25. e4 Qxd2+ 26. Kxd2 Rxe4 27.
Re1 Rxe1 28. Kxe1 Bxd3 29. Rxd3 Rxd3 30. cxd3 Kg7 31. Ke2 Kf6 32. Ke3 Ke5 33.
g3 f5 34. d4+ Kd6  0-1

[Event "14th IBCA World Chess Championship for Blind 2019"]
[Site "Cagliari"]
[Date "2019.04.09"]
[Round "4"]
[Board "38"]
[White "Aguilar Sevilla, Diego"]
[Black "Cizman, Gregor"]
[Result "1-0"]
[WhiteElo "2124"]
[BlackElo "1564"]
[PlyCount "53"]
[EventDate "2019.04.06"]
[EventRounds "9"]
[EventCountry "ITA"]

1. e4 c6 2. d4 d5 3. e5 Bf5 4. Nf3 e6 5. Be2 Nd7 6. O-O Ne7 7. Nbd2 c5 8. c4 a6
9. b3 Rc8 10. Bb2 Nb6 11. dxc5 Rxc5 12. b4 Rc8 13. c5 Nd7 14. Nd4 Bg6 15. f4
Nf5 16. Nxf5 Bxf5 17. Nf3 Be7 18. Nd4 Be4 19. f5 exf5 20. e6 Nf6 21. exf7+ Kxf7
22. Nxf5 Rf8 23. Bg4 Bxf5 24. Bxf5 Rc6 25. Bxf6 Bxf6 26. Qh5+ Kg8 27. Bxh7+  1-0

[Event "14th IBCA World Chess Championship for Blind 2019"]
[Site "Cagliari"]
[Date "2019.04.09"]
[Round "4"]
[Board "39"]
[White "Gasperoni, Claudio"]
[Black "Selcuk, Umit"]
[Result "1-0"]
[WhiteElo "1799"]
[BlackElo "1555"]
[PlyCount "57"]
[EventDate "2019.04.06"]
[EventRounds "9"]
[EventCountry "ITA"]

1. d4 d5 2. Nf3 Nf6 3. c4 e6 4. Bf4 dxc4 5. Qa4+ Bd7 6. Qxc4 Nd5 7. Bg3 Bd6 8.
Bh4 Qc8 9. e4 Nb6 10. Qb3 f6 11. Nc3 Nc6 12. Bd3 Nb4 13. Bb1 a5 14. a3 a4 15.
Qd1 Nc6 16. Ba2 Na5 17. O-O Nac4 18. Qe2 Na5 19. e5 fxe5 20. Nxe5 Bxe5 21. Qh5+
Kf8 22. Qxe5 Nac4 23. Qc5+ Nd6 24. Ne4 Ra5 25. Nxd6 Rxc5 26. Nxc8 Rh5 27. Nxb6
Rxh4 28. Nxd7+ Ke7 29. Nc5  1-0

[Event "14th IBCA World Chess Championship for Blind 2019"]
[Site "Cagliari"]
[Date "2019.04.09"]
[Round "4"]
[Board "40"]
[White "L`Herbon De Lussats, Jean"]
[Black "Zenini, Simone"]
[Result "0-1"]
[WhiteElo "1312"]
[BlackElo "1435"]
[PlyCount "82"]
[EventDate "2019.04.06"]
[EventRounds "9"]
[EventCountry "ITA"]

1. e4 e5 2. c4 Nf6 3. Nc3 Bc5 4. Nf3 Nc6 5. d3 O-O 6. Bg5 Be7 7. Be2 h6 8. Be3
Bb4 9. O-O Bxc3 10. bxc3 d6 11. c5 d5 12. Qc2 dxe4 13. dxe4 Be6 14. Rab1 b6 15.
cxb6 axb6 16. a4 Qe7 17. Bb5 Bd7 18. Rfd1 Nb8 19. Nd2 Ng4 20. Nf1 Nxe3 21. Nxe3
Be6 22. f3 Nd7 23. Bc6 Ra5 24. Bd5 Nc5 25. Bc6 Bd7 26. Nd5 Qd8 27. Bxd7 Nxd7
28. Nxb6 cxb6 29. Rxb6 Qxb6+ 30. Kh1 Nc5 31. Rb1 Qc6 32. Rb5 Rxb5 33. axb5 Qxb5
34. c4 Qb4 35. h3 Rd8 36. Kh2 Rd2 37. Qc1 Nd3 38. Qa1 Qb2 39. Qf1 Nf4 40. Kg3
Rxg2+ 41. Kh4 g5#  0-1

[Event "14th IBCA World Chess Championship for Blind 2019"]
[Site "Cagliari"]
[Date "2019.04.09"]
[Round "4"]
[Board "41"]
[White "Dayan, Itay"]
[Black "Atterberg, David"]
[Result "0-1"]
[WhiteElo "1409"]
[BlackElo "1109"]
[PlyCount "82"]
[EventDate "2019.04.06"]
[EventRounds "9"]
[EventCountry "ITA"]

1. e4 c5 2. Nc3 e6 3. Bc4 b6 4. f4 Bb7 5. d3 a6 6. a3 d6 7. Nf3 Nd7 8. O-O Be7
9. Qe1 Qc7 10. Qg3 g6 11. f5 gxf5 12. Ng5 Bxg5 13. Qxg5 Ngf6 14. exf5 Rg8 15.
fxe6 Rxg5 16. exd7+ Kxd7 17. Rxf6 Rxg2+ 18. Kf1 Rf8 19. Bxf7 Rg6 20. Rf2 Rg7
21. Be6+ Ke7 22. Bh6 Rxf2+ 23. Kxf2 Kxe6 24. Re1+ Kf6 25. Bxg7+ Kxg7 26. Rg1+
Kf7 27. Rg3 Kf6 28. Ne4+ Bxe4 29. dxe4 Qc6 30. Rf3+ Ke5 31. Rf7 Ke6 32. Rxh7
Qxe4 33. Rh6+ Kd5 34. Rh5+ Kc6 35. h4 Qxc2+ 36. Kg3 Qxb2 37. Rg5 c4 38. h5 c3
39. h6 c2 40. h7 c1=Q 41. Rg8 Qh6  0-1